|
|
|
|
| LEADER |
00000nam a22000005a 4500 |
| 001 |
7298 |
| 003 |
CL-ChBUA |
| 005 |
20120815103015.0 |
| 008 |
070301s2001 ag 000 0 spa |
| 040 |
|
|
|a CL-ChBUA
|c CL-ChBUA
|
| 082 |
0 |
0 |
|a 232
|
| 090 |
|
|
|c 7298
|d 7298
|
| 100 |
1 |
|
|a Fowler M., John W.
|
| 245 |
1 |
0 |
|a El conflicto entre Cristo y satanás
|
| 260 |
|
|
|b A.C.E.S.
|a Buenos Aires.
|c 2001.
|
| 300 |
|
|
|a 192 p.
|c 20 cm.
|
| 504 |
|
|
|a Indice.
|
| 650 |
|
4 |
|a CRISTOLOGIA.
|
| 942 |
|
|
|c LIB
|
| 952 |
|
|
|0 0
|1 0
|2 ddc
|4 0
|6 232_000000000000000_F_786__C_1
|7 0
|9 10895
|a UNACH
|b UNACH
|c 200
|d 2007-03-05
|i 33770.
|l 0
|o 232 / F 786. c.1
|p 11894
|r 2012-12-27 00:00:00
|u 10895
|w 2012-08-08
|y LIB
|
| 952 |
|
|
|0 0
|1 0
|2 ddc
|4 0
|6 232_000000000000000_F_786__C_3
|7 0
|9 10896
|a UNACH
|b UNACH
|c 200
|d 2007-03-05
|i 34137
|l 2
|o 232 / F 786. c.3
|p 11895
|r 2018-06-04 00:00:00
|s 2014-08-26
|u 10896
|w 2012-08-08
|y LIB
|
| 952 |
|
|
|0 0
|1 0
|4 0
|7 0
|9 10897
|a UNACH
|b UNACH
|c 200
|d 2007-03-05
|i 34.138.
|l 0
|o 232 / F 786. c.4
|p 11896
|r 2013-07-11 00:00:00
|u 10897
|w 2012-08-08
|y LIB
|k 232 / F 786. c.4
|
| 952 |
|
|
|0 0
|1 0
|2 ddc
|4 0
|6 232_000000000000000_F_786__C_2
|7 0
|9 10898
|a UNACH
|b UNACH
|c 200
|d 2007-03-05
|i 34050
|l 0
|o 232 / F 786. c.2
|p 11897
|r 2017-04-05 00:00:00
|u 10898
|w 2012-08-08
|y LIB
|
| 952 |
|
|
|0 0
|1 0
|2 ddc
|4 0
|6 232_000000000000000_F_786__C_5
|7 0
|9 10899
|a UNACH
|b UNACH
|c 200
|d 2007-03-05
|i 39777
|l 0
|o 232 / F 786. c.5
|p 11898
|r 2012-12-27 00:00:00
|u 10899
|w 2012-08-08
|y LIB
|
| 952 |
|
|
|0 0
|1 0
|2 ddc
|4 0
|6 232_000000000000000_F_786__C_6
|7 0
|9 68592
|a UNACH
|b UNACH
|c 200
|d 2012-03-22
|i 48678
|l 1
|o 232 / F 786. c.6
|p 69724
|r 2018-06-22 00:00:00
|s 2018-06-21
|u 68592
|w 2012-08-08
|y LIB
|
| 999 |
|
|
|c 7298
|d 7298
|